Представление документа в формате RUSMARC

ПолеНазваниеЗначение
  Тип записи a
  Библиографический уровень a
001 Контрольный номер RU/CBS_UL/BASE/9f56f399162145de85bbf9e94fb9ec16
005 Дата корректировки 20230510144011.0
100 Данные общей обработки __
a Данные общей обработки 20230510 ||| 0rusy0189 ca
101 Язык документа 0_
a Язык текста rus
102 Страна публикации __
a Страна публикации RU
200 Заглавие и сведения об ответственности 1_
a Заглавие А был ли король Артур?
e Сведения, относящиеся к заглавию [легендарный король Артур]
f Первые сведения об ответственности Е. Новицкий
300 Общие примечания __
a Общие примечания 16+
461 Уровень набора _0
1 2000
a Все загадки мира
463 Уровень физической единицы _0
1 2000
a № 2
v С. 22-23 : ил
1 2101
d 2023
1 001RU/CBS_UL/BASE/b4d3363adeed4f9490f19009f24f307b
600 Персоналии _1
a Персоналии (Фамилия) Артур, король
606 Тематические рубрики 0_
a Основная рубрика Король Артур - легендарный вождь бриттов 5-6 вв.
610 Ключевые слова 0_
a Ключевые слова бритты
610 Ключевые слова 0_
a Ключевые слова правители бриттов
610 Ключевые слова 0_
a Ключевые слова короли Англии
610 Ключевые слова 0_
a Ключевые слова легенды о короле Артуре
686 Индексы других классификаций __
2 Код системы rubbk
a Классификационный индекс 63.3(4Вел)
700 Автор _1
a Фамилия Новицкий
b Имя (инициалы) Е.
801 Источник записи _0
a Страна RU
b Организация МБУК ЦБС г. Ульяновска
c Дата составления 20230510
g Правила каталогизации RCR
801 Источник записи _1
a Страна RU
b Организация МБУК ЦБС г. Ульяновска
c Дата составления 20230510
g Правила каталогизации RCR
901 Тип документа __
t Тип документа b
w Контрольный № источника RU/CBS_UL/BASE/b4d3363adeed4f9490f19009f24f307b